Product Development and Innovations: A Twisty Road for Marketers
Rozsah inovačných typov používaných v teórii vývoja produktu.
Saved in:
| Main Author: | |
|---|---|
| Other Authors: | |
| Format: | Book Chapter |
| Language: | English |
| Subjects: | |
| Tags: |
No Tags, Be the first to tag this record!
|
MARC
| LEADER | 00000naa a2200000 4500 | ||
|---|---|---|---|
| 001 | 0228360 | ||
| 005 | 20250618114837.2 | ||
| 041 | 0 | |a eng | |
| 044 | |a SK | ||
| 245 | 1 | 0 | |a Product Development and Innovations: A Twisty Road for Marketers |c Ladislav Faith, Vojtech Kollár |
| 520 | |a Rozsah inovačných typov používaných v teórii vývoja produktu. | ||
| 610 | 2 | 0 | |a vývoj výrobku |
| 610 | 2 | 0 | |a inovácia výrobkov |
| 610 | 2 | 0 | |a výskum marketingový |
| 610 | 2 | 0 | |a stratégia marketingová |
| 100 | 1 | |a Faith, Ladislav | |
| 700 | 1 | |a Kollár, Vojtech | |